Statistical learning with sparsity: (Record no. 196855)

MARC details
000 -LEADER
fixed length control field 00830nam a2200253Ia 4500
003 - CONTROL NUMBER IDENTIFIER
control field OSt
005 - DATE AND TIME OF LATEST TRANSACTION
control field 20251103101415.0
008 - FIXED-LENGTH DATA ELEMENTS--GENERAL INFORMATION
fixed length control field 210716s2017 xx 000 0 und d
020 ## - INTERNATIONAL STANDARD BOOK NUMBER
International Standard Book Number 9781138044975
040 ## - CATALOGING SOURCE
Transcribing agency AIMIT LIBRARY
041 ## - LANGUAGE CODE
Language code of text/sound track or separate title eng
082 ## - DEWEY DECIMAL CLASSIFICATION NUMBER
Classification number 005.76
Item number HAST
100 ## - MAIN ENTRY--PERSONAL NAME
Personal name Hastie, Trevor.
9 (RLIN) 243438
245 ## - TITLE STATEMENT
Title Statistical learning with sparsity:
Remainder of title lasso and generalizations /
Statement of responsibility, etc. By Trevor Hastie, Robert Tibshirani and Martin Wainwright.
250 ## - EDITION STATEMENT
Edition statement 1st ed.
260 ## - PUBLICATION, DISTRIBUTION, ETC.
Place of publication, distribution, etc. New York
Name of publisher, distributor, etc. CRC Press
Date of publication, distribution, etc. 2017
300 ## - PHYSICAL DESCRIPTION
Extent xv,351 p.;
Other physical details PB
Dimensions 24 cm.
650 ## - SUBJECT ADDED ENTRY--TOPICAL TERM
Topical term or geographic name entry element Lasso for linear models
9 (RLIN) 243439
650 ## - SUBJECT ADDED ENTRY--TOPICAL TERM
Topical term or geographic name entry element Generalizations of the Lasso penalty
9 (RLIN) 243451
650 ## - SUBJECT ADDED ENTRY--TOPICAL TERM
Topical term or geographic name entry element Optimization methods
9 (RLIN) 243452
700 ## - ADDED ENTRY--PERSONAL NAME
Personal name Tibshirani, Robert.
9 (RLIN) 243440
700 ## - ADDED ENTRY--PERSONAL NAME
Personal name Wainwright, Martin.
9 (RLIN) 243441
942 ## - ADDED ENTRY ELEMENTS (KOHA)
Source of classification or shelving scheme Dewey Decimal Classification
Koha item type Book
Call number prefix 005.76 HAST
Holdings
Withdrawn status Lost status Damaged status Not for loan Collection code Home library Current library Source of acquisition Cost, normal purchase price Total Checkouts Full call number Barcode Date last seen Cost, replacement price Price effective from Koha item type
        MCA St Aloysius Institute of Management & Information Technology St Aloysius Institute of Management & Information Technology Knowledge World 2650.00   005.76 HAST MCA16370 05/23/2026 1987.50 07/16/2021 Book